000 00715nam a2200229 i 4500
001 000042738
003 DO-SdBNP
005 20231030100424.0
007 ta
008 140206s1974 mx ac 000 0 spa d
040 _aDO-SdBNP
_bspa
_cBNPHU
_erda
100 1 _aAgustín, José
_924580
_eautor
245 1 0 _aCírculo vicioso /
_cJosé Agustín.
264 _aMéxico :
_bJoaquín Mortiz,
_c1974.
300 _a95 páginas :
_bilustraciones ;
_c19 cm.
336 _2rdacontent
_atexto
_btxt
337 _2rdamedia
_asin mediación
_bn
338 _2rdacarrier
_avolumen
_bnc
490 0 _aTeatro del volador
500 _aIncluye datos biográficos del autor en la solapa de la contracubierta
942 _2ddc
_cLBS1
999 _c42227
_d42227